Neal Joshi
WUSTL B
Categories
Literature - American Literature | 0 | 4 | 0 | 0 | 40 | 62 | 118.50 | 0 | 1 |
Science - Chemistry | 0 | 3 | 0 | 1 | 30 | 98 | 112.33 | 0 | 1 |
Literature - European Literature | 0 | 3 | 1 | 0 | 25 | 127 | 148.33 | 0 | 0 |
History - American History | 0 | 2 | 1 | 1 | 15 | 100 | 124.00 | 0 | 0 |
Science - Biology | 0 | 2 | 1 | 0 | 15 | 97 | 104.00 | 0 | 0 |
History - European History | 0 | 1 | 0 | 1 | 10 | 147 | 147.00 | 0 | 0 |
Philosophy | 0 | 1 | 0 | 0 | 10 | 115 | 115.00 | 0 | 0 |
Literature - World Literature | 0 | 1 | 0 | 1 | 10 | 152 | 152.00 | 0 | 0 |
Literature - British Literature | 0 | 1 | 0 | 0 | 10 | 99 | 99.00 | 0 | 1 |
Geography | 0 | 0 | 1 | 0 | -5 | 0.00 | 0 | 0 |